00999 a2200241 45000010006000000050017000060080041000230030015000640400040000790800046001192450037001650200022002022500012002242640042002363000023002785050257003010410008005581000022005667000018005887000034006067000022006408560095006624065120260407155702.0260407a2007 arg spa dAR-UNSa-BCEJYS aAR-UNSa-BCEJYSbspacAR-UNSa-BCEJYS a517.2/3xCálculo diferencial e integral10aCálculo diferencial e integral a978-970-26-0989-6 a9a. ed. 1aMéxico :bPearson Educaciónc2007 axv, 447 p.c27 cm. ao. Preliminares - 1. Límites - 2. La derivada - 3. Aplicaciones a la derivada - 4. La integral definida - 5. Aplicaciones de la integral - 6. Funciones trascendentales - 7. Técnicas de integración - 8. Formas indeterminadas e integrales impropias aspa1 aPurcell, Edwin J.1 aVarberg, Dale1 aIbarra Mercado, Víctor Hugo1 aRigdon, Steven E.41uhttps://biblioeco.unsa.edu.ar/pmb/images/libros/L126267.jpgyImagen de portadaqimage/jpeg